Catálogo

Manual del ingeniero de alimentos / (Registro nro. 49002)

Detalles MARC
000 -LEADER
fixed length control field 01021cam a2200289 i 4500
001 - CONTROL NUMBER
control field 49002
003 - CONTROL NUMBER IDENTIFIER
control field Mx-PuUPA
005 - DATE AND TIME OF LATEST TRANSACTION
control field 20220204111353.0
008 - FIXED-LENGTH DATA ELEMENTS--GENERAL INFORMATION
fixed length control field 140415s2006 mx ad fr 000 0 spa d
020 ## - INTERNATIONAL STANDARD BOOK NUMBER
International Standard Book Number 9588203236
040 ## - CATALOGING SOURCE
Original cataloging agency Mx-PuUPA
Language of cataloging spa
Transcribing agency Mx-PuUPA
Modifying agency Mx-PuUPA
Description conventions rda
041 0# - LANGUAGE CODE
Language code of text/sound track or separate title spa
245 00 - TITLE STATEMENT
Title Manual del ingeniero de alimentos /
Statement of responsibility, etc. director, Felipe Durán Ramírez ; colaboradora, María Fernanda Dias Montes
250 ## - EDITION STATEMENT
Edition statement edición 2006
264 #1 - PRODUCTION, PUBLICATION, DISTRIBUTION, MANUFACTURE, AND COPYRIGHT NOTICE
Place of production, publication, distribution, manufacture Colombia :
Name of producer, publisher, distributor, manufacturer Grupo Latino Ltda,
Date of production, publication, distribution, manufacture, or copyright notice 2006
300 ## - PHYSICAL DESCRIPTION
Extent 483 páginas :
Other physical details ilustraciones, graficas, diagramas, tablas ;
Dimensions 28 cm
336 ## - CONTENT TYPE
Fuente rdacontent
Content type term texto
Content type code txt
337 ## - MEDIA TYPE
Source rdamedia
Media type term sin medio
Media type code n
338 ## - CARRIER TYPE
Source rdacarrier
Carrier type term volumen
Carrier type code nc
490 0# - SERIES STATEMENT
Series statement Volvamos al campo
650 #7 - SUBJECT ADDED ENTRY--TOPICAL TERM
Topical term or geographic name entry element Industria y comercio de alimentos
Source of heading or term armarc
700 1# - ADDED ENTRY--PERSONAL NAME
Personal name Durán Ramírez, Felipe,
Relator term director
9 (RLIN) 6700
700 1# - ADDED ENTRY--PERSONAL NAME
Personal name Dias Montes, María Fernanda,
Relator term colaborador
9 (RLIN) 12007
942 ## - ADDED ENTRY ELEMENTS (KOHA)
Source of classification or shelving scheme Dewey Decimal Classification
Koha item type Libro
Classification part 664
Item part M266
Existencias
Withdrawn status Lost status Source of classification or shelving scheme Damaged status Not for loan Collection code Home library Current library Shelving location Date acquired Source of acquisition Total Checkouts Full call number Barcode Date last seen Price effective from Koha item type
    Dewey Decimal Classification     Referencia Biblioteca Karol Wojtyla Biblioteca Karol Wojtyla Área de silencio 03/12/2013 Compra   664 M266 2006 73335 05/01/2026 03/12/2013 Libro R